| 000 | 01049nab a22002177a 4500 | ||
|---|---|---|---|
| 999 |
_c5722 _d5722 |
||
| 003 | OSt | ||
| 005 | 20251231173130.0 | ||
| 008 | 190605e xxu||||| |||| 00| 0 spa d | ||
| 040 | _cPJ | ||
| 100 |
_96645 _aGarcía López, Martín A. |
||
| 245 | 1 | 3 |
_aEl obrero futbolista. Generalidades y particularidades de la relación laboral de los jugadores de fútbol profesional / _cMartín A. García López. |
| 260 |
_aCiudad Autónoma de Buenos Aires : _bThomson Reuters La Ley, _c2023. |
||
| 300 | _ap. 24 | ||
| 500 | _aCita: TR LALEY AR/DOC/937/2023. | ||
| 505 | _aSumario: I. Introducción.— II. Sujetos de la relación laboral.— III. La relación laboral.— IV. Una lógica invertida.— V. Conclusión. | ||
| 505 | _t¿Te interesa el texto completo? Solicitalo al correo: koha@justierradelfuego.gov.ar | ||
| 650 | 0 |
_91316 _aDERECHO LABORAL |
|
| 650 | 0 |
_93725 _aDEPORTES |
|
| 773 | 0 |
_02711 _93168 _dCiudad Autónoma de Buenos Aires : Thomson Reuters La Ley, 1999-2002. _tRevista de derecho del trabajo. Nº 3 - Mayo 2023 |
|
| 942 |
_2udc _cANA |
||